[Event "Kandidatklassen"]
[Site "Skorping"]
[Date "2017.04.14"]
[Round "4"]
[White "Thybo, Thomas Sondergaard"]
[Black "Kristensen, Bjarke Hautop"]
[Result "0-1"]
[WhiteElo "2039"]
[BlackElo "2055"]
[PlyCount "54"]
[EventDate "2017.04.11"]

1. d4 Nf6 2. c4 c5 3. d5 b5 4. cxb5 a6 5. bxa6 g6 6. Nc3 Bg7 7. e4 O-O 8. Nf3
Qa5 9. Nd2 Bxa6 10. Be2 d6 11. O-O Nbd7 12. a4 Rfb8 13. Ra2 Ne5 14. f4 Nd3 15.
Nb3 Qb4 16. Bxd3 Bxd3 17. Qxd3 Qxb3 18. Ra3 Qb4 19. b3 Ng4 20. Nb5 Rxb5 21.
axb5 Rxa3 22. Bxa3 Bd4+ 23. Kh1 Qxa3 24. Qf3 Ne3 25. Re1 Qxb3 26. e5 Qxb5 27.
e6 f5 0-1

[Event "Kandidatklassen"]
[Site "Skorping"]
[Date "2017.04.15"]
[Round "5"]
[White "Rewitz, Poul"]
[Black "Laursen, Niels Norskov"]
[Result "1-0"]
[WhiteElo "2283"]
[BlackElo "2316"]
[PlyCount "191"]
[EventDate "2017.04.11"]

1. d4 Nf6 2. Nf3 c5 3. d5 b5 4. a4 b4 5. c4 d6 6. g3 g6 7. Bg2 Bg7 8. O-O O-O
9. Re1 Re8 10. Nbd2 Nbd7 11. Ng5 Rb8 12. Qb3 Qc7 13. a5 a6 14. h3 h6 15. Ngf3
e5 16. e4 Kh7 17. Qe3 Ng8 18. Nf1 Ne7 19. g4 g5 20. h4 f6 21. h5 Nf8 22. N3h2
Nd7 23. Qd3 Kh8 24. Ne3 Bf8 25. Nhf1 Ng8 26. Bf3 Re7 27. Bd1 Rf7 28. Bd2 Ne7
29. Ng3 Ng8 30. Ba4 Ne7 31. Qe2 Ng8 32. Qf3 Ne7 33. Kf1 Bg7 34. Ke2 Bf8 35. Kd3
Bg7 36. Ngf5 Nxf5 37. Nxf5 Bf8 38. Qd1 Rh7 39. Re3 Rf7 40. Bc6 Rh7 41. Re1 Rf7
42. Qf3 Qd8 43. Ng3 Be7 44. Ne2 Nf8 45. Ng1 Bd7 46. Bxd7 Qxd7 47. Ne2 Bd8 48.
Ng3 Bc7 49. Nf5 Rh7 50. Qd1 Rd8 51. Re3 Rb8 52. Rf3 Rd8 53. Qc1 Rb8 54. Qc2 Rd8
55. Ne3 Rf7 56. Rf5 Rb8 57. Nf1 Qd8 58. Qa4 Qd7 59. Qa2 Kh7 60. Be3 Bd8 61. Nd2
Rc8 62. Nb3 Kg7 63. Rg1 Kh7 64. Rg3 Kg7 65. Rgf3 Kh7 66. Rg3 Kg7 67. Rg1 Kh7
68. Ra1 Kg7 69. Nd2 Kh7 70. Nf1 Rb8 71. Bd2 Rb7 72. Ne3 Rb8 73. Rf3 Rb7 74. Nf5
Rb8 75. Kc2 Rb7 76. Rb3 Rb8 77. Be3 Rc8 78. Rd3 Rb8 79. Qa4 Qxa4+ 80. Rxa4 Rd7
81. Nxd6 Rxd6 82. Bxc5 Be7 83. Rxb4 Rc8 84. Bxd6 Bxd6 85. Rb7+ Kg8 86. Kc3 Bc5
87. f3 Rd8 88. Kc2 Nd7 89. Rdb3 Bd4 90. Rc7 Nc5 91. Rb6 Na4 92. Rxf6 Nxb2 93.
Rg6+ Kf8 94. Rxh6 Kg8 95. Rg6+ Kh8 96. d6 1-0

[Event "Kandidatklassen"]
[Site "Skorping"]
[Date "2017.04.15"]
[Round "5"]
[White "Brondt, Nicolai Kvist"]
[Black "Christensen, Tobias Bent"]
[Result "1/2-1/2"]
[WhiteElo "2169"]
[BlackElo "2361"]
[PlyCount "104"]
[EventDate "2017.04.11"]

1. c4 g6 2. Nf3 Bg7 3. d4 d6 4. Nc3 Nc6 5. e3 e5 6. Be2 Nf6 7. dxe5 Nxe5 8.
Nxe5 dxe5 9. Qxd8+ Kxd8 10. b3 c6 11. Ba3 Kc7 12. O-O-O Rd8 13. Rxd8 Kxd8 14.
h3 Be6 15. g4 Kc7 16. Rd1 Rd8 17. Rxd8 Kxd8 18. g5 Nd7 19. Bg4 Bxg4 20. hxg4 f5
21. gxf6 Nxf6 22. g5 Ne8 23. Ne4 b6 24. Kd2 Kd7 25. Kd3 Ke6 26. Ng3 Nd6 27.
Bxd6 Kxd6 28. Ne2 a6 29. Nc3 Bf8 30. Ne4+ Ke6 31. Ng3 b5 32. f4 exf4 33. exf4
bxc4+ 34. bxc4 Ba3 35. Kd4 a5 36. Kd3 Bc1 37. Ne2 Bb2 38. Ng3 a4 39. Ke3 Bc1+
40. Kf3 Bb2 41. Ke3 Bg7 42. Ne4 Kf5 43. Kf3 Bf8 44. Ng3+ Ke6 45. Ne4 Be7 46.
Nf2 Bc5 47. Nd3 Bf8 48. Ke4 Kd6 49. Ne5 Bg7 50. Nd3 Bc3 51. Kf3 Ke6 52. Ke4 Kd6
1/2-1/2

[Event "Kandidatklassen"]
[Site "Skorping"]
[Date "2017.04.15"]
[Round "5"]
[White "Rostgaard, Tobias Valentin"]
[Black "Aabling Thomsen, Jakob"]
[Result "1-0"]
[WhiteElo "2359"]
[BlackElo "2384"]
[PlyCount "85"]
[EventDate "2017.04.11"]

1. e4 c5 2. Nf3 d6 3. Bb5+ Nd7 4. O-O a6 5. Bd3 Ngf6 6. Re1 b5 7. a4 Rb8 8.
axb5 axb5 9. Na3 b4 10. Nc4 e5 11. c3 Be7 12. Bc2 O-O 13. d4 Qc7 14. d5 Nb6 15.
Nfd2 Nfd7 16. Ne3 g6 17. c4 Nf6 18. b3 Nh5 19. Nf5 Nf4 20. g3 Nh5 21. Nf1 Ng7
22. Nxg7 Kxg7 23. f4 f6 24. f5 Bd7 25. h4 gxf5 26. exf5 Kh8 27. Qf3 Rg8 28. Kh2
Bf8 29. g4 Be8 30. Ng3 Qg7 31. g5 Be7 32. Ne4 Bf7 33. Ra7 Bd8 34. gxf6 Bxf6 35.
Bg5 Bxg5 36. Nxg5 Rbf8 37. f6 Qh6 38. Qh3 Qh5 39. Rg1 Nc8 40. Rc7 Nb6 41. Bd1
Qh6 42. Rxf7 Rxg5 43. Rxf8+ 1-0

[Event "Kandidatklassen"]
[Site "Skorping"]
[Date "2017.04.15"]
[Round "5"]
[White "Akdag, Dara Sevkan"]
[Black "Bjerre, Jonas Buhl"]
[Result "1-0"]
[WhiteElo "2235"]
[BlackElo "2342"]
[PlyCount "63"]
[EventDate "2017.04.11"]

1. e4 c5 2. Nf3 e6 3. d4 cxd4 4. Nxd4 Nc6 5. Nc3 Qc7 6. Qd3 Nf6 7. Ndb5 Qb8 8.
Qg3 d6 9. Be3 a6 10. Bb6 axb5 11. Nxb5 Ra4 12. c4 Be7 13. Qxg7 Rg8 14. Qh6 Rg6
15. Qd2 Kf8 16. b3 Ra6 17. Bc7 Qa8 18. Bxd6 Ne8 19. Bxe7+ Kxe7 20. f4 e5 21. f5
Rg4 22. Be2 Rxg2 23. Kf1 Rg8 24. Rg1 Rxg1+ 25. Kxg1 b6 26. Bh5 Ra7 27. f6+ Kxf6
28. Nxa7 Qxa7 29. Rf1+ Kg7 30. Rxf7+ Qxf7 31. Bxf7 Kxf7 32. Qd5+ 1-0

[Event "Kandidatklassen"]
[Site "Skorping"]
[Date "2017.04.15"]
[Round "5"]
[White "Jensen, Jacob Bjerre"]
[Black "Thogersen, Rasmus"]
[Result "1/2-1/2"]
[WhiteElo "2122"]
[BlackElo "2208"]
[PlyCount "82"]
[EventDate "2017.04.11"]

1. d4 Nf6 2. c4 g6 3. Nc3 d5 4. cxd5 Nxd5 5. e4 Nxc3 6. bxc3 Bg7 7. Bc4 c5 8.
Ne2 Nc6 9. Be3 O-O 10. O-O Bg4 11. f3 Bd7 12. Rb1 Qc7 13. Bd5 Na5 14. Bf4 Qc8
15. e5 Bc6 16. Be4 Bxe4 17. fxe4 b6 18. Bg5 f6 19. exf6 exf6 20. Bf4 Re8 21.
Ng3 cxd4 22. cxd4 Qc4 23. Rb2 f5 24. Be5 Bxe5 25. dxe5 Qc5+ 26. Kh1 Qxe5 27.
Rd2 fxe4 28. Rd5 Qe6 29. Rd6 Qc4 30. Qg4 Re7 31. h4 Rf8 32. Rxf8+ Kxf8 33. Rd8+
Re8 34. Qf4+ Qf7 35. Rxe8+ Kxe8 36. Qb8+ Ke7 37. Qxa7+ Kf8 38. Qb8+ Kg7 39.
Qxb6 Qf4 40. Qd4+ Kh6 41. Nxe4 Qxh4+ 1/2-1/2

[Event "Kandidatklassen"]
[Site "Skorping"]
[Date "2017.04.15"]
[Round "5"]
[White "Christensen, Janus"]
[Black "Ramsdal, Jens Albert"]
[Result "0-1"]
[WhiteElo "2212"]
[BlackElo "2204"]
[PlyCount "92"]
[EventDate "2017.04.11"]

1. e4 c5 2. Nf3 Nc6 3. d4 cxd4 4. Nxd4 Qb6 5. Nb3 Nf6 6. Nc3 e6 7. Be3 Qc7 8.
Bd3 a6 9. Qe2 Be7 10. f4 d6 11. O-O-O b5 12. g4 Bb7 13. g5 Nd7 14. Qf2 Na5 15.
Kb1 Nc4 16. Bxc4 bxc4 17. Nd4 Nc5 18. Qf3 Rb8 19. Nde2 O-O 20. f5 Bxe4 21. Nxe4
Qb7 22. Bc1 Nxe4 23. Qa3 d5 24. Qf3 Bxg5 25. b3 cxb3 26. axb3 Bf6 27. Bb2 d4
28. Rhf1 e5 29. Ng3 Nxg3 30. Qxg3 a5 31. Ba3 Rfc8 32. Bd6 Qc6 33. Bxb8 Qxc2+
34. Ka1 Rxb8 35. Rc1 Qd2 36. Rc6 Qb4 37. Rf2 d3 38. Rb2 d2 39. Qg1 Rd8 40. Qd1
e4 41. Rxf6 gxf6 42. Ka2 e3 43. Qg1+ Kh8 44. Rb1 d1=Q 45. Rxd1 Rxd1 46. Qxe3
Qd2+ 0-1

[Event "Kandidatklassen"]
[Site "Skorping"]
[Date "2017.04.15"]
[Round "5"]
[White "Hoyer, Jacob K"]
[Black "Heimisson, Hilmir Freyr"]
[Result "0-1"]
[WhiteElo "2213"]
[BlackElo "2152"]
[PlyCount "150"]
[EventDate "2017.04.11"]

1. d4 d5 2. c4 c6 3. Nf3 Nf6 4. e3 Bf5 5. Nc3 a6 6. a4 e6 7. Nh4 Be4 8. f3 Bg6
9. Nxg6 hxg6 10. g3 Bd6 11. f4 Bb4 12. Qb3 a5 13. Bg2 Nbd7 14. O-O Qc7 15. Bd2
Nb6 16. cxd5 exd5 17. Rae1 Nc4 18. Bc1 Bxc3 19. Qxc3 Nd6 20. b3 O-O 21. Ba3
Rfe8 22. Bf3 Nfe4 23. Bxd6 Qxd6 24. Bxe4 Rxe4 25. Re2 Rae8 26. Rfe1 b6 27. Rc1
R8e6 28. Qd3 Qe7 29. Kf2 g5 30. Rcc2 Rh6 31. Kg1 Qf6 32. Rcd2 Qf5 33. Rf2 Rhe6
34. Rde2 c5 35. dxc5 bxc5 36. Rd2 d4 37. exd4 cxd4 38. fxg5 Qxg5 39. Qf3 Qe7
40. Rc2 Qd7 41. Rce2 Re3 42. Rxe3 dxe3 43. Rf1 e2 44. Re1 Qd2 45. Qf2 f5 46. h3
g5 47. Kh2 Kg7 48. Kg1 g4 49. h4 f4 50. Kh2 f3 51. Kg1 Re7 52. Kh2 Qe3 53. Kg1
Qd2 54. Kh2 Re3 55. Kg1 Qc3 56. Kh2 Kh6 57. Kg1 Qxb3 58. Kh2 Kg7 59. Rc1 e1=Q
60. Rxe1 Rxe1 61. Qd4+ Kf8 62. Qd8+ Re8 63. Qd6+ Re7 64. Qf6+ Ke8 65. Qc6+ Rd7
66. Qc8+ Ke7 67. Qc5+ Kd8 68. Qxa5+ Rc7 69. Qg5+ Re7 70. Qa5+ Ke8 71. Qh5+ Kd8
72. Qa5+ Rc7 73. Qg5+ Kc8 74. Qxg4+ Kb8 75. Qg8+ Qxg8 0-1

[Event "Kandidatklassen"]
[Site "Skorping"]
[Date "2017.04.15"]
[Round "5"]
[White "Lauridsen, Jesper Morch"]
[Black "Kolbak, Jens"]
[Result "1/2-1/2"]
[WhiteElo "2289"]
[BlackElo "2216"]
[PlyCount "142"]
[EventDate "2017.04.11"]

1. e4 e5 2. Nf3 Nc6 3. Nc3 Nf6 4. d4 exd4 5. Nd5 Be7 6. Nxd4 Nxd5 7. exd5 Nxd4
8. Qxd4 O-O 9. Be3 Bf6 10. Qb4 a5 11. Qa3 d6 12. O-O-O Bd7 13. Rg1 Re8 14. g4
g6 15. g5 Bh8 16. h4 Qe7 17. h5 b5 18. hxg6 fxg6 19. Kb1 b4 20. Qd3 Bf5 21. Qc4
Qg7 22. Bc1 Rab8 23. Bd3 Bxd3 24. Rxd3 Re7 25. Qa6 Qf8 26. f4 Ra8 27. Qc4 Rae8
28. Rdd1 Bg7 29. Qb5 Re4 30. Qd7 Qf7 31. Qh3 Qf5 32. Qh4 Re2 33. Rd3 a4 34. Qh3
Qxh3 35. Rxh3 Bd4 36. Rd1 R2e4 37. Rhd3 Bg7 38. a3 bxa3 39. Rxa3 Rb8 40. c3
Rbe8 41. Rh1 Bf8 42. Kc2 c6 43. dxc6 Rc8 44. b4 axb3+ 45. Rxb3 Rxc6 46. Rb8
Rec4 47. Bd2 Rc8 48. Rhb1 h5 49. gxh6 Bxh6 50. Rxc8+ Rxc8 51. Rb6 Bf8 52. Rb7
Re8 53. Kd3 Be7 54. Kc4 Kf7 55. Kd5 Rc8 56. Rb5 Rh8 57. c4 Rh5+ 58. Ke4 Rh2 59.
Be3 Re2 60. Kd3 Re1 61. Bd2 Rd1 62. Rb6 Rh1 63. Ke4 Rd1 64. Be3 Re1 65. Ra6 Re2
66. Kd3 Rh2 67. Ba7 Rh1 68. Ke4 Rb1 69. Bd4 Rf1 70. Rb6 Re1+ 71. Kf3 {
[%emt 0:00:00]} Rc1 1/2-1/2

[Event "Kandidatklassen"]
[Site "Skorping"]
[Date "2017.04.15"]
[Round "5"]
[White "Vangsgaard, Freja"]
[Black "Boe Olsen, Filip"]
[Result "0-1"]
[WhiteElo "2060"]
[BlackElo "2197"]
[PlyCount "76"]
[EventDate "2017.04.11"]

1. d4 Nf6 2. c4 e6 3. Nc3 Bb4 4. e3 O-O 5. Nge2 d5 6. a3 Be7 7. cxd5 exd5 8. b4
c6 9. Ng3 Re8 10. Bd3 Bd6 11. O-O Nbd7 12. Rb1 Nb6 13. a4 a5 14. b5 c5 15. dxc5
Bxc5 16. Nce2 Be6 17. Bb2 Rc8 18. Bc3 Nc4 19. Bxc4 dxc4 20. Qxd8 Rexd8 21. Bxf6
gxf6 22. Rbc1 f5 23. Rc2 Bb4 24. Nd4 c3 25. h3 Bc4 26. Ra1 Bd3 27. Rca2 c2 28.
Nge2 Rxd4 29. Rxc2 Bxc2 30. Nxd4 Bc3 31. Rc1 Bxd4 32. exd4 Rc4 33. d5 Bb3 34.
Rb1 Bxa4 35. Ra1 Kf8 36. d6 Rd4 37. b6 Rd1+ 38. Rxd1 Bxd1 0-1

[Event "Kandidatklassen"]
[Site "Skorping"]
[Date "2017.04.15"]
[Round "5"]
[White "Jepsen, Thomas Stausholm"]
[Black "Thuesen, Mogens Henrik"]
[Result "1/2-1/2"]
[WhiteElo "2162"]
[BlackElo "2192"]
[PlyCount "103"]
[EventDate "2017.04.11"]

1. e4 c5 2. Nf3 e6 3. d3 d5 4. Nbd2 Nc6 5. g3 Bd6 6. Bg2 Nge7 7. O-O O-O 8. Re1
f5 9. exd5 exd5 10. Ng5 h6 11. Ne6 Bxe6 12. Rxe6 Qd7 13. Re1 f4 14. c4 Nb4 15.
cxd5 Nxd3 16. Rf1 Ng6 17. Qh5 Nge5 18. Bh3 Qa4 19. Be6+ Kh8 20. g4 f3 21. Nb1
Nf4 22. Nc3 Nxh5 23. Nxa4 Nf4 24. Rd1 Rae8 25. Nc3 Nxe6 26. dxe6 Rxe6 27. Ne4
Be7 28. g5 Nc6 29. Ng3 Nd4 30. gxh6 g6 31. Bd2 Kh7 32. Re1 Rxe1+ 33. Rxe1 Bd6
34. Re4 Rf7 35. Bg5 Nc6 36. Re8 Bxg3 37. fxg3 Nb4 38. Be7 Nd3 39. Bf8 g5 40.
Bg7 b5 41. h4 gxh4 42. gxh4 Nf4 43. Rh8+ Kg6 44. Rg8 Nh3+ 45. Kf1 Rd7 46. Re8
Rd1+ 47. Re1 Rd2 48. Re6+ Kh7 49. Re7 Rd1+ 50. Re1 Rd7 51. Re3 Rd1+ 52. Re1
1/2-1/2

[Event "Kandidatklassen"]
[Site "Skorping"]
[Date "2017.04.15"]
[Round "5"]
[White "Rossen, Claus"]
[Black "Kragh, Niels Kristian"]
[Result "0-1"]
[WhiteElo "2190"]
[BlackElo "2124"]
[PlyCount "114"]
[EventDate "2017.04.11"]

1. e4 e6 2. d4 d5 3. Nc3 Bb4 4. a3 Bxc3+ 5. bxc3 dxe4 6. Qg4 Nf6 7. Qxg7 Rg8 8.
Qh6 Rg6 9. Qe3 b6 10. Bb2 Bb7 11. h3 Nc6 12. O-O-O Na5 13. c4 Qd7 14. f3 O-O-O
15. fxe4 Nxe4 16. Bd3 f5 17. g4 Nd6 18. Nf3 Naxc4 19. Qe2 Qb5 20. Ba1 Qa4 21.
Bb2 Kb8 22. Ne5 Nxe5 23. dxe5 Bxh1 24. exd6 Bd5 25. dxc7+ Kxc7 26. Bb5 Qf4+ 27.
Kb1 Qe4 28. Be5+ Kb7 29. Ba6+ Ka8 30. Qxe4 fxe4 31. c4 Rgg8 32. cxd5 Rxd5 33.
Rxd5 exd5 34. Kc2 Re8 35. Bg3 d4 36. Kd2 Rf8 37. Bc4 Rd8 38. h4 Kb7 39. h5 b5
40. Bxb5 Kb6 41. Ba4 Rg8 42. Bd7 Kc5 43. Be6 Rg7 44. Bf4 e3+ 45. Ke2 Rb7 46.
Bf5 Rb2+ 47. Ke1 Kc4 48. Bxh7 d3 49. Bxe3 Re2+ 50. Kf1 Rxe3 51. Kf2 d2 52. Bc2
Kc3 53. Bd1 Re1 54. Bf3 Kd4 55. h6 d1=Q 56. Bxd1 Rxd1 57. g5 Ke5 0-1

[Event "Kandidatklassen"]
[Site "Skorping"]
[Date "2017.04.15"]
[Round "5"]
[White "Petersen, Steen Brustrup"]
[Black "Thybo, Thomas Sondergaard"]
[Result "1/2-1/2"]
[WhiteElo "2131"]
[BlackElo "2039"]
[PlyCount "83"]
[EventDate "2017.04.11"]

1. e4 c6 2. d4 d5 3. e5 Bf5 4. h4 h5 5. Bd3 Bxd3 6. Qxd3 e6 7. Bg5 Qb6 8. Nd2
c5 9. c4 Qxb2 10. Rd1 Qxd4 11. Qb3 Qxe5+ 12. Ne2 Nd7 13. cxd5 Qxd5 14. Nc4 Qxg2
15. Rg1 Qc6 16. Nc3 a6 17. Rxd7 Qxd7 18. Nb6 Qc6 19. Nxa8 b5 20. Nxb5 axb5 21.
Nc7+ Kd7 22. Nxb5 Nf6 23. Na7 Qa6 24. Qb8 c4 25. Ke2 c3+ 26. Qb5+ Qxb5+ 27.
Nxb5 Nd5 28. Kd3 Bb4 29. Rb1 f6 30. Bc1 Ra8 31. a3 Bc5 32. Nd4 Ra7 33. Rb5 Bb6
34. f4 Ra4 35. Ne2 Bf2 36. Rb7+ Kc6 37. Rxg7 Bxh4 38. Nd4+ Kd6 39. Nb5+ Kc6 40.
Nd4+ Kd6 41. Nb5+ Kc6 42. Nd4+ 1/2-1/2

[Event "Kandidatklassen"]
[Site "Skorping"]
[Date "2017.04.15"]
[Round "5"]
[White "Kristensen, Bjarke Hautop"]
[Black "Davidsen, Niels Chr"]
[Result "1-0"]
[WhiteElo "2055"]
[BlackElo "1952"]
[PlyCount "51"]
[EventDate "2017.04.11"]

1. d4 f5 2. Bg5 Nf6 3. Bxf6 exf6 4. e3 d6 5. c4 c6 6. Nc3 Be7 7. Bd3 O-O 8. Qc2
g6 9. Nge2 Na6 10. a3 Qe8 11. h4 Kg7 12. h5 Rh8 13. O-O-O Nc7 14. g4 fxg4 15.
hxg6 h5 16. Ng3 f5 17. Nxh5+ Rxh5 18. Rxh5 Kxg6 19. Bxf5+ Kxh5 20. Bxc8 Qf7 21.
Bxg4+ Kxg4 22. Qe4+ Kg5 23. Rg1+ Kh6 24. Rh1+ Kg7 25. Rh7+ Kf8 26. Rxf7+ 1-0

[Event "Kandidatklassen"]
[Site "Skorping"]
[Date "2017.04.16"]
[Round "6"]
[White "Akdag, Dara Sevkan"]
[Black "Rewitz, Poul"]
[Result "0-1"]
[WhiteElo "2235"]
[BlackElo "2283"]
[PlyCount "84"]
[EventDate "2017.04.11"]

1. d4 g6 2. c4 Bg7 3. e4 d6 4. Be2 Nc6 5. Nf3 e5 6. d5 Nd4 7. Nxd4 exd4 8. Nd2
Ne7 9. Nb3 c5 10. dxc6 Nxc6 11. O-O O-O 12. Bf4 Re8 13. Bd3 Be6 14. Re1 Rc8 15.
c5 Be5 16. Bd2 g5 17. Rc1 Kg7 18. Bc4 Bxc4 19. Rxc4 d5 20. exd5 Qxd5 21. Rc1
Bf6 22. f4 Rxe1+ 23. Qxe1 g4 24. Qe2 Qf5 25. Qb5 Rc7 26. Re1 h5 27. Nc1 d3 28.
b4 Rd7 29. Qc4 Rd4 30. Qb3 Rd5 31. Kh1 h4 32. Re3 Qxf4 33. Qd1 Qc4 34. Rxd3 Rf5
35. Ne2 Nxb4 36. Rd7 Nd5 37. Ng1 Rf1 38. Bh6+ Kxh6 39. Qxd5 Qxd5 40. Rxd5 Bg5
41. Rd3 Re1 42. Rd6+ f6 0-1

[Event "Kandidatklassen"]
[Site "Skorping"]
[Date "2017.04.16"]
[Round "6"]
[White "Ramsdal, Jens Albert"]
[Black "Christensen, Tobias Bent"]
[Result "0-1"]
[WhiteElo "2204"]
[BlackElo "2361"]
[PlyCount "90"]
[EventDate "2017.04.11"]

1. e4 g6 2. d4 Bg7 3. Nc3 c6 4. Nf3 d6 5. h3 Nf6 6. Be3 Qb6 7. Rb1 O-O 8. Bd3
Nbd7 9. O-O Qc7 10. Nd2 e5 11. dxe5 dxe5 12. b4 Nh5 13. Re1 Rd8 14. Bf1 Nf8 15.
Qc1 Ne6 16. a4 Nd4 17. a5 b6 18. axb6 axb6 19. b5 Be6 20. Rb2 Bf8 21. Ncb1 Ra1
22. c3 Nxb5 23. Bxb5 cxb5 24. Rxb5 Bc5 25. Bxc5 bxc5 26. c4 Nf4 27. Qb2 Ra4 28.
Qc2 Rb4 29. Nc3 Rxb5 30. Nxb5 Qa5 31. Nf3 f6 32. h4 Bf7 33. g3 Ne6 34. Qc3 Qa2
35. Ra1 Qe2 36. Re1 Rd1 37. Nd6 Nd4 38. Kg2 Qd3 39. Qxd3 Rxd3 40. Re3 Nxf3 41.
Nxf7 Rxe3 42. Nh6+ Kg7 43. fxe3 Nxh4+ 44. Kh3 Kxh6 45. Kxh4 Kg7 0-1

[Event "Kandidatklassen"]
[Site "Skorping"]
[Date "2017.04.16"]
[Round "6"]
[White "Brondt, Nicolai Kvist"]
[Black "Rostgaard, Tobias Valentin"]
[Result "1/2-1/2"]
[WhiteElo "2169"]
[BlackElo "2359"]
[PlyCount "43"]
[EventDate "2017.04.11"]

1. c4 e6 2. g3 Nf6 3. Bg2 d5 4. Nf3 c5 5. O-O Nc6 6. d4 Be7 7. dxc5 Bxc5 8. a3
O-O 9. b4 Be7 10. Nbd2 dxc4 11. Nxc4 Nd5 12. Bb2 Bd7 13. Nfe5 Nxe5 14. Nxe5 Be8
15. Qb3 a5 16. e4 Nb6 17. Rfd1 Ba4 18. Rxd8 Bxb3 19. Rxf8+ Bxf8 20. Bd4 Nc4 21.
Nxc4 Bxc4 22. e5 1/2-1/2

[Event "Kandidatklassen"]
[Site "Skorping"]
[Date "2017.04.16"]
[Round "6"]
[White "Aabling Thomsen, Jakob"]
[Black "Jensen, Jacob Bjerre"]
[Result "1-0"]
[WhiteElo "2384"]
[BlackElo "2122"]
[PlyCount "53"]
[EventDate "2017.04.11"]

1. e4 e6 2. Qe2 c5 3. Nf3 Nc6 4. g3 Nge7 5. Bg2 g6 6. O-O Bg7 7. c3 O-O 8. Na3
d5 9. d3 b6 10. Re1 Ba6 11. e5 h6 12. h4 Rb8 13. Bf4 b5 14. Nc2 d4 15. cxd4
cxd4 16. Qd2 Kh7 17. g4 Qb6 18. h5 g5 19. Bg3 b4 20. Rac1 Rbd8 21. Na1 Qb5 22.
Nb3 Rd5 23. Qe2 Kg8 24. Nfd2 Nxe5 25. Bxd5 Qxd3 26. Bf3 Qxf3 27. Qxf3 1-0

[Event "Kandidatklassen"]
[Site "Skorping"]
[Date "2017.04.16"]
[Round "6"]
[White "Laursen, Niels Norskov"]
[Black "Heimisson, Hilmir Freyr"]
[Result "1/2-1/2"]
[WhiteElo "2316"]
[BlackElo "2152"]
[PlyCount "20"]
[EventDate "2017.04.11"]

1. e4 Nf6 2. e5 Nd5 3. d4 d6 4. Nf3 dxe5 5. Nxe5 c6 6. Bc4 Nd7 7. Nxd7 Bxd7 8.
O-O e6 9. Nd2 Be7 10. Re1 O-O 1/2-1/2

[Event "Kandidatklassen"]
[Site "Skorping"]
[Date "2017.04.16"]
[Round "6"]
[White "Thogersen, Rasmus"]
[Black "Bjerre, Jonas Buhl"]
[Result "0-1"]
[WhiteElo "2208"]
[BlackElo "2342"]
[PlyCount "54"]
[EventDate "2017.04.11"]

1. e4 c5 2. Nf3 e6 3. d4 cxd4 4. Nxd4 Nc6 5. Nc3 Qc7 6. Be3 a6 7. Qd2 Nf6 8.
O-O-O Be7 9. f3 O-O 10. Kb1 b5 11. g4 Ne5 12. g5 Nh5 13. f4 Ng4 14. e5 Bb7 15.
Rg1 Nxe3 16. Qxe3 b4 17. Ne4 Bxe4 18. Qxe4 g6 19. f5 Bc5 20. Be2 exf5 21. Nxf5
Bxg1 22. Ne7+ Kh8 23. Bxh5 Rae8 24. Qf4 Rxe7 25. Qf6+ Kg8 26. Qxe7 Bc5 27. Qf6
gxh5 0-1

[Event "Kandidatklassen"]
[Site "Skorping"]
[Date "2017.04.16"]
[Round "6"]
[White "Kolbak, Jens"]
[Black "Kragh, Niels Kristian"]
[Result "1/2-1/2"]
[WhiteElo "2216"]
[BlackElo "2124"]
[PlyCount "79"]
[EventDate "2017.04.11"]

1. e4 e6 2. d4 d5 3. e5 c5 4. Nf3 Nc6 5. Bd3 Nxd4 6. Nxd4 cxd4 7. O-O Ne7 8.
Nd2 Nc6 9. Nf3 Qb6 10. a3 a5 11. b3 Be7 12. Bb2 O-O 13. Qe2 f6 14. Rad1 Bd7 15.
a4 Qc7 16. Nxd4 Nxe5 17. Bb5 Bc5 18. Bxd7 Qxd7 19. Kh1 Bxd4 20. Bxd4 Nc6 21.
Bc5 Rfe8 22. Rd3 e5 23. Qh5 d4 24. Rh3 g6 25. Qe2 Qd5 26. Qb5 Nb4 27. c3 dxc3
28. Rxc3 Rac8 29. h3 Red8 30. Qxa5 Nd3 31. Bb6 Qxa5 32. Bxa5 Rxc3 33. Bxc3 Nc5
34. Bb4 Nxb3 35. Be7 Rd5 36. Rb1 Nc5 37. Bxc5 Rxc5 38. Rxb7 Ra5 39. Rb4 Kf7 40.
Rb7+ 1/2-1/2

[Event "Kandidatklassen"]
[Site "Skorping"]
[Date "2017.04.16"]
[Round "6"]
[White "Boe Olsen, Filip"]
[Black "Hoyer, Jacob K"]
[Result "1-0"]
[WhiteElo "2197"]
[BlackElo "2213"]
[PlyCount "25"]
[EventDate "2017.04.11"]

1. d4 Nf6 2. c4 g6 3. Nc3 d5 4. Bf4 Bg7 5. e3 c5 6. dxc5 Qa5 7. Rc1 dxc4 8.
Bxc4 Qxc5 9. Nb5 Qb4+ 10. Kf1 Na6 11. a3 Qa5 12. Bc7 Bg4 13. Bxa5 1-0

[Event "Kandidatklassen"]
[Site "Skorping"]
[Date "2017.04.16"]
[Round "6"]
[White "Jepsen, Thomas Stausholm"]
[Black "Christensen, Janus"]
[Result "1/2-1/2"]
[WhiteElo "2162"]
[BlackElo "2212"]
[PlyCount "133"]
[EventDate "2017.04.11"]

1. Nf3 f5 2. b3 Nf6 3. Bb2 e6 4. d3 b6 5. Nbd2 Bb7 6. g3 Be7 7. Bg2 O-O 8. O-O
Qe8 9. c4 Qh5 10. e3 a5 11. a3 Na6 12. d4 d6 13. Ne1 Ng4 14. h3 Bxg2 15. Kxg2
Nf6 16. Qxh5 Nxh5 17. Nd3 g5 18. b4 Bf6 19. g4 Ng7 20. e4 Rad8 21. b5 Nb8 22.
d5 fxg4 23. hxg4 Bxb2 24. Nxb2 Nd7 25. Nd3 e5 26. Rh1 Rf6 27. Rh3 Nf8 28. Rah1
Rd7 29. Rf3 Rdf7 30. Rxf6 Rxf6 31. c5 bxc5 32. Nc4 Ng6 33. Rh3 Nh4+ 34. Kf1 h5
35. Rg3 Nf3 36. gxh5 Nxh5 37. Rh3 Ng7 38. a4 g4 39. Rg3 Rh6 40. Ke2 Nd4+ 41.
Kd2 Rh4 42. Ne3 Nf3+ 43. Kc3 Ng5 44. f3 Nh5 45. Rxg4 Rxg4 46. Nxg4 Nxf3 47.
Nxc5 Ng3 48. Nb3 Nxe4+ 49. Kd3 Nfg5 50. Kc4 Nf3 51. Nxa5 Nc5 52. Kb4 Kf7 53.
Nb3 Nd7 54. a5 e4 55. Ne3 Nfe5 56. Nc4 Nd3+ 57. Kc3 Nf4 58. Ne3 Ke8 59. Kc4 Kd8
60. Nd4 Ne5+ 61. Kb3 Kc8 62. a6 Nd7 63. Ndf5 Nb6 64. Nc4 Nfxd5 65. Nfxd6+ cxd6
66. Nxd6+ Kb8 67. Nxe4 1/2-1/2

[Event "Kandidatklassen"]
[Site "Skorping"]
[Date "2017.04.16"]
[Round "6"]
[White "Thuesen, Mogens Henrik"]
[Black "Kristensen, Bjarke Hautop"]
[Result "0-1"]
[WhiteElo "2192"]
[BlackElo "2055"]
[PlyCount "30"]
[EventDate "2017.04.11"]

1. c4 c5 2. Nc3 Nc6 3. g3 g6 4. Bg2 Bg7 5. e3 d6 6. Nge2 Nf6 7. d4 O-O 8. O-O
Bf5 9. d5 Na5 10. e4 Bd7 11. Qd3 a6 12. Bd2 b5 13. b3 b4 14. Na4 Bxa4 15. bxa4
Nd7 0-1

[Event "Kandidatklassen"]
[Site "Skorping"]
[Date "2017.04.16"]
[Round "6"]
[White "Petersen, Steen Brustrup"]
[Black "Lauridsen, Jesper Morch"]
[Result "1-0"]
[WhiteElo "2131"]
[BlackElo "2289"]
[PlyCount "101"]
[EventDate "2017.04.11"]

1. e4 c5 2. Nf3 d6 3. d4 cxd4 4. Nxd4 Nf6 5. Nc3 g6 6. Be3 Bg7 7. f3 O-O 8. Qd2
Nc6 9. Bc4 Bd7 10. Bb3 Rc8 11. O-O-O Nxd4 12. Bxd4 b5 13. Nd5 Nxd5 14. Bxg7
Kxg7 15. exd5 a5 16. a4 bxa4 17. Qd4+ Kg8 18. Bxa4 Bxa4 19. Qxa4 Qb6 20. Rhe1
Rc7 21. Re2 Rb8 22. c3 Qa6 23. Re4 f5 24. Re6 Rcb7 25. Rd2 Rxb2 26. Rxb2 Qf1+
27. Qd1 Qxd1+ 28. Kxd1 Rxb2 29. Rxe7 Rxg2 30. Rd7 Rxh2 31. Rxd6 Kf7 32. Ra6 h5
33. c4 Rh4 34. Rc6 Rd4+ 35. Kc2 h4 36. Kc3 Rd1 37. Rc7+ Kf6 38. f4 h3 39. Rh7
Rc1+ 40. Kd4 Rh1 41. Kc5 h2 42. d6 Ke6 43. Re7+ Kf6 44. Re2 a4 45. Rd2 Rb1 46.
d7 Rb8 47. Rxh2 Ra8 48. Re2 Kf7 49. Kb6 a3 50. Kb7 Rh8 51. Kc7 1-0

[Event "Kandidatklassen"]
[Site "Skorping"]
[Date "2017.04.16"]
[Round "6"]
[White "Thybo, Thomas Sondergaard"]
[Black "Rossen, Claus"]
[Result "0-1"]
[WhiteElo "2039"]
[BlackElo "2190"]
[PlyCount "56"]
[EventDate "2017.04.11"]

1. d4 Nf6 2. c4 c5 3. d5 b5 4. cxb5 a6 5. bxa6 Bxa6 6. Nc3 d6 7. e4 Bxf1 8.
Kxf1 g6 9. Nf3 Bg7 10. g3 O-O 11. Kg2 Nbd7 12. Nd2 Qa5 13. Nc4 Qb4 14. Qe2 Nb6
15. Nxb6 Qxb6 16. h4 Qa6 17. Qxa6 Rxa6 18. Bd2 Ng4 19. f4 Rb8 20. Rhb1 Bxc3 21.
bxc3 Rxb1 22. Rxb1 Rxa2 23. Kf3 Rxd2 24. Kxg4 h5+ 25. Kh3 Re2 26. Ra1 Rxe4 27.
Kg2 Re3 28. c4 Kg7 0-1

[Event "Kandidatklassen"]
[Site "Skorping"]
[Date "2017.04.16"]
[Round "6"]
[White "Davidsen, Niels Chr"]
[Black "Vangsgaard, Freja"]
[Result "1/2-1/2"]
[WhiteElo "1952"]
[BlackElo "2060"]
[PlyCount "49"]
[EventDate "2017.04.11"]

1. e4 c6 2. c4 d5 3. cxd5 cxd5 4. exd5 Nf6 5. Bb5+ Nbd7 6. Nc3 a6 7. Bxd7+ Qxd7
8. Nf3 Nxd5 9. d4 e6 10. O-O Be7 11. Ne5 Qd8 12. Qa4+ Bd7 13. Qb3 Bc6 14. Nxc6
bxc6 15. Qa4 Qd7 16. Bd2 O-O 17. Rac1 Nb6 18. Qc2 Nc4 19. Be3 Rab8 20. Ne4 Nxe3
21. fxe3 Rb6 22. Rf3 Qd5 23. Nc3 Qa5 24. Na4 Rb5 25. b3 1/2-1/2